Network Theory (Record no. 304850)

MARC details
000 -LEADER
fixed length control field 00407nam a2200169Ia 4500
008 - FIXED-LENGTH DATA ELEMENTS--GENERAL INFORMATION
fixed length control field 230718s9999 xx 000 0 und d
041 ## - LANGUAGE CODE
Language code of text/sound track or separate title eng
082 ## - DEWEY DECIMAL CLASSIFICATION NUMBER
Classification number 621.319'2
Item number JAG
100 ## - MAIN ENTRY--PERSONAL NAME
Personal name Jagan N.C.
9 (RLIN) 155084
245 ## - TITLE STATEMENT
Title Network Theory
250 ## - EDITION STATEMENT
Edition statement 2nd ed.
260 ## - PUBLICATION, DISTRIBUTION, ETC. (IMPRINT)
Date of publication, distribution, etc. 2001
Name of publisher, distributor, etc. B.S. Publication
300 ## - PHYSICAL DESCRIPTION
Extent 722
365 ## - TRADE PRICE
Currency code Rs.
700 ## - ADDED ENTRY--PERSONAL NAME
Personal name Jagan N.C. & Lakshminarayana C.
9 (RLIN) 187893
906 ## - LOCAL DATA ELEMENT F, LDF (RLIN)
c ETC
Holdings
Withdrawn status Lost status Damaged status Not for loan Home library Current library Date acquired Vendor Budget Code Total Checkouts Full call number Barcode Date last seen Bill Date Koha item type Original Barcode
        Cummins College of Engineering for Women Pune Cummins College of Engineering for Women Pune 16/01/2003 Masurkar Enterprises ETC   621.319'2 CCEP-BK-16057 18/07/2023 18/07/2023 Books 016057